| Tag |
First Indicator |
Second Indicator |
Subfields |
| LEADER |
00000cas a2200000 4500 |
| 001 |
in00000039337 |
| 005 |
20190703130406.0 |
| 008 |
800425d19651971ne ar 0 b0dut d |
| 010 |
|
|
|a sn 83005171
|
| 035 |
|
|
|a (OCoLC)ocm06244639
|
| 035 |
|
|
|a (OCoLC)06244639
|
| 035 |
|
|
|9 AAF6725AM
|
| 040 |
|
|
|a TXA
|b eng
|c TXA
|d OCL
|d NSD
|d NST
|d OCL
|d EEM
|d OCLCQ
|d CUV
|d OCLCF
|d OCLCO
|d OCLCQ
|
| 022 |
0 |
|
|a 0074-0489
|l 0074-0489
|2 j
|
| 029 |
1 |
|
|a AU@
|b 000025838617
|
| 035 |
|
|
|a (OCoLC)6244639
|
| 041 |
0 |
|
|a dut
|b eng
|
| 042 |
|
|
|a nsdp
|
| 050 |
|
4 |
|a SF203
|b .I58
|
| 049 |
|
|
|a TXAM
|
| 110 |
2 |
|
|a Instituut voor Veevoedingsonderzoek "Hoorn."
|
| 210 |
0 |
|
|a Jaarversl. - Inst. Veevoedingsonderzoek Hoorn
|
| 222 |
|
0 |
|a Jaarverslag - Instituut voor Veevoedingsonderzoek, Hoorn
|
| 245 |
1 |
0 |
|a Jaarsverlag /
|c Instituut voor Veevoedingsonderzoek "Hoorn."
|
| 264 |
|
1 |
|a Hoorn, Netherlands,
|b Instituut voor Veevoedingsonderzoek "Hoorn"
|
| 300 |
|
|
|a 6 volumes ;
|c 23 cm
|
| 310 |
|
|
|a Annual
|
| 336 |
|
|
|a text
|b txt
|2 rdacontent
|
| 337 |
|
|
|a unmediated
|b n
|2 rdamedia
|
| 338 |
|
|
|a volume
|b nc
|2 rdacarrier
|
| 362 |
0 |
|
|a 1965-1971.
|
| 546 |
|
|
|a In Dutch; summary in English.
|
| 650 |
|
0 |
|a Dairy cattle
|x Feeding and feeds
|v Periodicals.
|
| 650 |
|
7 |
|a Dairy cattle
|x Feeding and feeds.
|2 fast
|0 (OCoLC)fst00886832
|
| 655 |
|
7 |
|a Periodicals.
|2 fast
|0 (OCoLC)fst01411641
|
| 776 |
0 |
8 |
|i Online version:
|a Instituut voor Veevoedingsonderzoek "Hoorn".
|t Jaarsverlag
|w (OCoLC)780165204
|
| 780 |
0 |
0 |
|a Instituut voor Veevoedingsonderzoek "Hoorn".
|t Verslag over het jaar
|w (OCoLC)698474090
|
| 785 |
0 |
0 |
|a Instituut voor Veevoedingsonderzoek "Hoorn.".
|t Report over .
|w (OCoLC)2253078
|
| 850 |
|
|
|a CU-A
|
| 994 |
|
|
|a C0
|b TXA
|
| 949 |
|
|
|a updated
|b h
|c 2019/7/3
|e coplinger
|f 1:03:49 pm
|
| 999 |
f |
f |
|s 04a7feff-4921-36b4-8759-7aff32f624eb
|i 2e111709-4b05-3284-8a1a-67074524a45e
|t 0
|
| 952 |
f |
f |
|p ric
|a Texas A&M University
|b Rellis Campus
|c Joint Library Facility
|d Remote Storage
|t 0
|e SF203 .I58
|h Library of Congress classification
|i unmediated -- volume
|l 1968-1975
|m A14812274272
|
| 998 |
f |
f |
|a SF203 .I58
|s 1968-1971
|t 0
|l Remote Storage
|